Films avec Audrey Fleurot par image - Statistiques

Statistiques générales
  • Ce quiz a été pris 44 fois
  • Le résultat moyen est 6 sur 16
Statistiques - réponses
Par images Réponse % Correct
Intouchables
94%
Kaamelott : Premier Volet
88%
Les Reines du ring
47%
Regarde
44%
La Très Très Grande Classe
34%
La Vraie Vie des profs
34%
L'Idéal
34%
Sous les jupes des filles
34%
Divorce club
28%
Le Fantôme de Canterville
28%
Les Femmes du 6e étage
28%
Mais qui a re-tué Pamela Rose ?
28%
La Fête des mères
25%
Fonzy
22%
Belle comme la femme d'un autre
16%
La Confrérie des larmes
16%
Aucun quiz correspondant
Distribution des résultats
% des personnes avec chaque résultat
Percentile par nombre de réponses
Votre historique - résultats
Vous n’avez pas pris ce quiz